Modifikácia povrchu dreva technológiou magnetrónového naprašovania
Salvato in:
| Autore principale: | |
|---|---|
| Altri autori: | |
| Natura: | Manoscritto Libro |
| Lingua: | slovacco |
| Pubblicazione: |
2025
|
| Soggetti: | |
| Accesso online: | http://is.stuba.sk/zp/portal_zp.pl?podrobnosti=180270 |
| Tags: |
Nessun Tag, puoi essere il primo ad aggiungerne!!
|
MARC
| LEADER | 00000ntm a22000003a 4500 | ||
|---|---|---|---|
| 001 | stuzp105617 | ||
| 003 | SK-STU | ||
| 005 | 20250628212905.3 | ||
| 007 | ta | ||
| 008 | 150427s2015----xo-----f-mn---000-0-slo-d | ||
| 040 | |a STU |b slo | ||
| 041 | 0 | |a slo | |
| 100 | 1 | |a Yepifanova, Iryna |u 067000 |4 aut |U MTF Materiálovotechnologická fakulta |T MTF Ústav výskumu progresívnych technológií |X 123654 |U MN7000 |Y 87 |7 123654 | |
| 242 | 0 | 1 | |a Modification of wood surface by magnetron sputtering technology |y eng |
| 245 | 1 | 0 | |a Modifikácia povrchu dreva technológiou magnetrónového naprašovania |
| 260 | |c 2025 | ||
| 650 | 4 | |a retardácia horenia |2 slo | |
| 650 | 4 | |a oxid meďnatý |2 slo | |
| 650 | 4 | |a SEM |2 slo | |
| 650 | 4 | |a kónický kalorimeter |2 slo | |
| 650 | 4 | |a magnetrónové naprašovanie |2 slo | |
| 650 | 4 | |a meď |2 slo | |
| 650 | 4 | |a drevo |2 slo | |
| 650 | 4 | |a FTIR |2 slo | |
| 650 | 4 | |a copper oxide |2 eng | |
| 650 | 4 | |a wood |2 eng | |
| 650 | 4 | |a FTIR |2 eng | |
| 650 | 4 | |a SEM |2 eng | |
| 650 | 4 | |a cone calorimeter |2 eng | |
| 650 | 4 | |a flame retardancy |2 eng | |
| 650 | 4 | |a magnetron sputtering |2 eng | |
| 650 | 4 | |a copper |2 eng | |
| 700 | 1 | |a Ferenčík, Filip |u 067000 |k Z2 |4 ths |U MTF Materiálovotechnologická fakulta |T MTF Ústav výskumu progresívnych technológií |X 85416 |U MN7000 |Y 87 |7 85416 | |
| 856 | 4 | |u http://is.stuba.sk/zp/portal_zp.pl?podrobnosti=180270 | |
| 996 | |c M* BP-10052 |l MMSKP |s P |a 0 |w stuzp105617_0001 | ||